Leela and the frogs / (Record no. 14412)
[ view plain ]
| 000 -LEADER | |
|---|---|
| fixed length control field | 00506cam a22001812 4500 |
| 001 - CONTROL NUMBER | |
| control field | 0000008774 |
| 005 - DATE AND TIME OF LATEST TRANSACTION | |
| control field | 20151217160117.0 |
| 008 - FIXED-LENGTH DATA ELEMENTS--GENERAL INFORMATION | |
| fixed length control field | 080529s xx 000 0 eng d |
| 020 ## - INTERNATIONAL STANDARD BOOK NUMBER | |
| International Standard Book Number | 0333605624 : |
| Terms of availability | KES 198.75 |
| 040 ## - CATALOGING SOURCE | |
| Original cataloging agency | KABU |
| Transcribing agency | KABU |
| 100 1# - MAIN ENTRY--PERSONAL NAME | |
| Personal name | Jennings, Terry. |
| -- | 0000159473 |
| 245 10 - TITLE STATEMENT | |
| Title | Leela and the frogs / |
| Statement of responsibility, etc. | Terry Jennings. |
| 260 ## - PUBLICATION, DISTRIBUTION, ETC. (IMPRINT) | |
| Place of publication, distribution, etc. | Oxford : |
| Name of publisher, distributor, etc. | Macmillan Education, |
| Date of publication, distribution, etc. | 1996. |
| 300 ## - PHYSICAL DESCRIPTION | |
| Extent | 32 p. |
| 908 ## - PUT COMMAND PARAMETER (RLIN) | |
| Put command parameter | 080529 |
| 950 ## - LOCAL HOLDINGS (RLIN) | |
| -- | 1 |
| Withdrawn status | Lost status | Source of classification or shelving scheme | Not for loan | Home library | Current library | Date acquired | Total Checkouts | Full call number | Barcode | Date last seen | Price effective from | Koha item type |
|---|---|---|---|---|---|---|---|---|---|---|---|---|
| Library of Congress Classification | Kabarak, Main Campus | Kabarak, Main Campus | 17/12/2015 | PZ7 .J46L44 c. 1 | 012655 | 17/12/2015 | 17/12/2015 | Children Collection |